000 00422nam a2200121Ia 4500
008 220615s9999||||xx |||||||||||||| ||und||
100 _aMisha Nagelmackers-Voinov
245 4 _aThe Negotiations of a Tax Agreement between Switzerland and Germany
546 _aEnglish[eng]
650 _aState | Nation||banking secrecy||Swiss banking||finance||governance
856 _uhttp://books.openedition.org/iheid/1662
942 _cEB
999 _c18495
_d18495